Normal view
MARC view
Entry Término temático
001 - NÚMERO DE CONTROL
- campo de control: 29077
003 - IDENTIFICADOR DEL NÚMERO DE CONTROL
- campo de control: FranzMayer
005 - FECHA Y HORA DE LA ÚLTIMA TRANSACCIÓN
- campo de control: 20230823122624.0
008 - DATOS DE LONGITUD FIJA
- campo de control de longitud fija: 230823|| aca||aabn | a|a d
040 ## - FUENTE DE LA CATALOGACIÓN
- Centro catalogador/agencia de origen: FranzMayer
- Centro/agencia transcriptor: FranzMayer
150 ## - ENCABEZAMIENTO--TÉRMINO DE MATERIA
- Término de materia o nombre geográfico como elemento de entrada: Siglo XIX
- Subdivisión de forma: Década de 1850
670 ## - FUENTE DE DATOS ENCONTRADOS
- Cita de la fuente: Work cat.: (FranzMayer)10942: Autor Nassar, Issam 29076, Jardines de arena, 2010